| 000 | 00475nam a2200133 4500 | ||
|---|---|---|---|
| 005 | 20250127115615.0 | ||
| 008 | 250127b | ||
| 020 | _a3-926105-18-6 | ||
| 100 | _aSpartalis,Peter James: | ||
| 245 |
_aLast of the Livingstones; _bPioneer Missionary Statesman/ _cPeter James Spartalis. with an epilogue by Eberhard Troeger Mit einer deutschen Zusammenfassung von christof sauer/ |
||
| 250 | _aafem mission scripts | ||
| 260 |
_a.-Bonn , _bculture and science _c,1994 |
||
| 942 | _2lcc | ||
| 999 |
_c7 _d7 |
||